01477nam a2200337 a 450000100060000000300080000600500170001400800410003102000150007203500200008704000320010704100080013908200280014724500900017526000560026530000260032150001100034750400510045752001180050865000400062665100530066665100570071965100550077670000270083170000230085871000450088171000260092694200120095299900170096495201580098152010BD-RjUL20211209075736.016090-s1995 bg b 101 0 eng  a9840513125 a(BD-RjUL) 52130 aDLCcDLCdDLCdBD-RjULbeng aeng 223a330.95492bBAN 199500aBangladesh strategies for development /cedited by Roy H. Grieve and M. Mozammel Huq. aDhaka, Bangladesh :bUniversity Press Ltd.,cc1995. axiv, 215 p. ;c22 cm. a"Published in collaboration with Bangladesh Economic Association (BEA) and the BEA UK Forum"--T.p. verso. aIncludes bibliographical references and index. aProceedings of the inaugural conference of the BEA UK Forum, held at the University of Strathclyde on 7 May 1994. aEconomic policyzBangladesh9137619 0aBangladeshxEconomic policyxCongresses.9155526 0aBangladeshxEconomic conditionsxCongresses.9155527 0aBangladeshxCommercial policyxCongresses.91555281 aGrieve, Roy H.91555291 aHuq, M. M.91555302 aBangladesh Economic Association.91555312 aBEA UK Forum.9155532 2ddccBK c52010d52010 00102ddc40708NFICaRUCLbRUCLcStackd1999-02-15eKarim International, Dhakag252.00l0o330.95492 BAN 1995r2016-09-05 00:00:00tC-2w2016-09-05yBK